Mister Rogers' Neighborhood Characters - A Picture Quiz - Statistics

General Stats
  • This quiz has been taken 63 times
  • The average score is 8 of 15
Answer Stats
Picture Answer % Correct
Mr. {Fred Rogers}
96%
Mr. {McFeely}
71%
Daniel {Striped Tiger}
68%
{Lady} Aberlin
68%
King {Friday} XIII
64%
Prince {Tuesday}
64%
{Henrietta} Pussycat
54%
Lady Elaine {Fairchilde}
50%
{X} the Owl
50%
Queen {Sara Saturday}
46%
{Officer} Clemmons
43%
{Handyman} Negri
39%
{Cornflake} S. Pecially
36%
Donkey {Hodie}
36%
Ana {Platypus}
32%
No matching quizzes found
Score Distribution
Percent of People with Each Score
Percentile by Number Answered
Your Score History
You have not taken this quiz